000 00685nam a2200265Ia 4500
005 20260121172043.0
008 008 260114s9999 xx 000 0 eng d
020 _a9789811555589
037 _aEBOOK
040 _aCRL
040 _beng
040 _cCRL
041 _2eng
041 _aeng
084 _qCRL
100 _aThangaprakash Sengodan, M. Murugappan, Sanjay Misra
_91083708
245 0 _aAdvances in Electrical and Computer Technologies
260 _bSpringer
260 _bSpringer
260 _c2020
856 _uhttps://link.springer.com/openurl?genre=book&isbn=978-981-15-5558-9
942 _cEBOOK
999 _c1649442
_d1649442